Historia sagrada : segundo grado

Gespeichert in:
Bibliographische Detailangaben
Körperschaft: Edelvives .
Format: Buch
Sprache:Spanisch
Erschienen: Zaragoza : Luis Vives, cop.1957
Katalog:MANES:  Suchergebnis im Bibliothekskatalog
Schulbuchspezifische Eigenschaften:
Schlagworte:
Tags: Tag hinzufügen
Keine Tags, Fügen Sie den ersten Tag hinzu!
Hinzugefügt zu:29.11.1999
Geändert in:07.05.2025

MARC

LEADER 00000cam a2200000 i 4500
005 20250507134546.0
008 000000s1957 espa fp 000 0 spa d
040 |a uned  |b spa  |c entro-manes 
110 2 |a Edelvives .  |9 36308 
245 1 0 |a Historia sagrada :   |b segundo grado /   |c por Edelvives 
260 |a Zaragoza :   |b Luis Vives,   |c cop.1957 
300 |a [296] p. :   |b il. 
500 |a Ejemplar incompleto. Número de páginas tomado de la Biblioteca Nacional 
546 |a España 
561 |5 es-BUNED  |3 L.T. 4239  |a España. Fondo Manes UNED  |k MANES 
650 7 |a Historia sagrada  |a Enseñanza religiosa 
690 0 |a RyM 
691 0 |a PRI 
942 |2 ddc  |c BK 
999 |c 97239  |d 97239 
999 |c manes:97239  |d 97239